[Event "Mundial Juvenil femenino 2005 s16"]
[Site "Belfort FRA"]
[Date "2005.07.19"]
[Round "1.20"]
[White "Van Nies, Pauline"]
[Black "Herrera, Milena"]
[Result "1-0"]
[WhiteElo "2074"]
[BlackElo "1599"]
[PlyCount "71"]
[EventDate "2005.07.19"]
[EventType "swiss"]
[EventRounds "11"]
[EventCountry "FRA"]
[Source "lmi"]
[SourceDate "2005.07.31"]

1. e4 e5 2. Nf3 Nf6 3. Nxe5 d6 4. Nf3 Nxe4 5. d4 d5 6. Bd3 Be7 7. O-O Nc6 8. h3
O-O 9. c4 Nb4 10. Be2 Bf5 11. a3 Nc6 12. cxd5 Qxd5 13. Be3 Bf6 14. Nc3 Nxc3 15.
bxc3 Rae8 16. Qa4 a6 17. Rad1 Qd7 18. Qb3 b5 19. a4 Be6 20. Qa3 Be7 21. Qa1 Bb3
22. axb5 axb5 23. Rb1 Ra8 24. Qb2 Na5 25. Ne5 Qe8 26. Ra1 Ba4 27. Bd3 f6 28.
Ng4 Qd7 29. Qb1 h6 30. Bf5 Qd6 31. g3 c6 32. Bf4 Qd8 33. Be6+ Kh8 34. Nxh6 gxh6
35. Qg6 Rf7 36. Bxf7 1-0

[Event "Mundial Juvenil femenino 2005 s16"]
[Site "Belfort FRA"]
[Date "2005.07.20"]
[Round "2.1"]
[White "Harika, Dronavalli"]
[Black "Khudaya, Iryna"]
[Result "1-0"]
[WhiteElo "2396"]
[BlackElo "2043"]
[PlyCount "120"]
[EventDate "2005.07.19"]
[EventType "swiss"]
[EventRounds "11"]
[EventCountry "FRA"]
[Source "lmi"]
[SourceDate "2005.07.31"]

1. Nf3 f5 2. c4 Nf6 3. g3 g6 4. Bg2 Bg7 5. O-O O-O 6. Nc3 d6 7. d4 Qe8 8. d5 a5
9. Nd4 Na6 10. b3 Bd7 11. e3 Nc5 12. Bb2 Qc8 13. Rc1 Nfe4 14. Qc2 Nxc3 15. Bxc3
c6 16. Ne2 cxd5 17. Bxd5+ e6 18. Bxg7 Kxg7 19. Bg2 Bc6 20. f3 b5 21. Rfd1 Qb7
22. Rxd6 Bxf3 23. Nd4 Bxg2 24. Qxg2 Qxg2+ 25. Kxg2 bxc4 26. Rxc4 e5 27. Rxc5
exd4 28. Rxd4 Rf7 29. Kf3 a4 30. Rxa4 Rxa4 31. bxa4 Rb7 32. a5 Rb2 33. a3 Rb3
34. Rc7+ Kh6 35. a6 Rxa3 36. a7 Ra4 37. h4 Ra2 38. Kf4 Ra3 39. Rb7 Ra5 40. Kf3
Ra2 41. g4 fxg4+ 42. Kxg4 Ra4+ 43. Kf3 g5 44. hxg5+ Kxg5 45. Rxh7 Kf5 46. Ke2
Ra3 47. Kd2 Ke4 48. Kc2 Ra1 49. Re7+ Kd5 50. Kb3 Kd6 51. Rh7 Kd5 52. Kb4 Ke4
53. Re7+ Kd5 54. Kb5 Rb1+ 55. Ka6 Kd6 56. Rh7 Ra1+ 57. Kb7 Rb1+ 58. Kc8 Rc1+
59. Kb8 Rh1 60. Rxh1 Kd5 1-0

[Event "Mundial Juvenil femenino 2005 s16"]
[Site "Belfort FRA"]
[Date "2005.07.20"]
[Round "2.2"]
[White "Laurens, Julia"]
[Black "Gunina, Valentina"]
[Result "0-1"]
[WhiteElo "2034"]
[BlackElo "2394"]
[PlyCount "47"]
[EventDate "2005.07.19"]
[EventType "swiss"]
[EventRounds "11"]
[EventCountry "FRA"]
[Source "lmi"]
[SourceDate "2005.07.31"]

1. d4 d5 2. c4 e6 3. Nc3 Nf6 4. Bg5 Be7 5. cxd5 exd5 6. e3 O-O 7. Bd3 Nbd7 8.
Qc2 c5 9. Nf3 a6 10. O-O c4 11. Bf5 b5 12. Ne5 Nxe5 13. dxe5 Nd7 14. Bxh7+ Kh8
15. Bxe7 Qxe7 16. Nxd5 Qxe5 17. f4 Qxd5 18. Be4 Qc5 19. Rf3 Nf6 20. f5 Ra7 21.
g4 Re8 22. Rh3+ Kg8 23. Qd1 Qxf5 24. gxf5 0-1

[Event "Mundial Juvenil femenino 2005 s16"]
[Site "Belfort FRA"]
[Date "2005.07.20"]
[Round "2.4"]
[White "Baptista, Ana Filipa"]
[Black "Gomes, Mary Ann"]
[Result "1/2-1/2"]
[WhiteElo "2025"]
[BlackElo "2265"]
[PlyCount "37"]
[EventDate "2005.07.19"]
[EventType "swiss"]
[EventRounds "11"]
[EventCountry "FRA"]
[Source "lmi"]
[SourceDate "2005.07.31"]

1. e4 c5 2. Nf3 d6 3. Bb5+ Bd7 4. Bxd7+ Qxd7 5. O-O Nc6 6. c4 g6 7. d4 cxd4 8.
Nxd4 Bg7 9. Ne2 Na5 10. Qd5 Qc7 11. Qb5+ Nc6 12. Nbc3 Nf6 13. Nd5 Qd7 14. Nec3
Nxd5 15. Nxd5 Rc8 16. Bg5 h6 17. Bd2 Nd4 18. Qxd7+ Kxd7 19. Ne3 1/2-1/2

[Event "Mundial Juvenil femenino 2005 s16"]
[Site "Belfort FRA"]
[Date "2005.07.20"]
[Round "2.5"]
[White "Ignacz, Maria"]
[Black "Paganoglou, Anastasia"]
[Result "1-0"]
[WhiteElo "2265"]
[BlackElo "1948"]
[PlyCount "64"]
[EventDate "2005.07.19"]
[EventType "swiss"]
[EventRounds "11"]
[EventCountry "FRA"]
[Source "lmi"]
[SourceDate "2005.07.31"]

1. d4 d5 2. Nf3 e6 3. c4 f5 4. g3 Nf6 5. Bg2 c6 6. O-O Bd6 7. Qc2 O-O 8. Nbd2
Qe8 9. Ne1 f4 10. Ndf3 Qh5 11. Nd3 fxg3 12. hxg3 Ng4 13. Re1 Nd7 14. Bf4 Be7
15. e4 g5 16. Be5 Ndf6 17. exd5 exd5 18. Bxf6 Bxf6 19. cxd5 cxd5 20. Qb3 Rd8
21. Nde5 Bf5 22. Nxg4 Qxg4 23. Ne5 Qxd4 24. Rad1 Qc5 25. Bxd5+ Kg7 26. Qxb7+
Qe7 27. Qxe7+ Bxe7 28. Bxa8 Rxa8 29. Rc1 Bd8 30. Rc6 Bf6 31. b3 a5 32. Rc5 Bd7
1-0

[Event "Mundial Juvenil femenino 2005 s16"]
[Site "Belfort FRA"]
[Date "2005.07.20"]
[Round "2.6"]
[White "Amed, Stephanie"]
[Black "Foisor, Sabina-Francesca"]
[Result "1-0"]
[WhiteElo "2001"]
[BlackElo "2230"]
[PlyCount "167"]
[EventDate "2005.07.19"]
[EventType "swiss"]
[EventRounds "11"]
[EventCountry "FRA"]
[Source "lmi"]
[SourceDate "2005.07.31"]

1. e4 e6 2. d4 d5 3. Nc3 Bb4 4. e5 c5 5. a3 Bxc3+ 6. bxc3 Qa5 7. Bd2 Qa4 8. Qb1
c4 9. Nf3 Nc6 10. g3 Bd7 11. Bg2 O-O-O 12. O-O Nge7 13. Ng5 Rdf8 14. f4 f6 15.
Nf3 f5 16. Qb2 h6 17. Rfb1 b6 18. Ra2 Kb7 19. Be3 Be8 20. Bd2 Rfg8 21. Kf2 Bh5
22. Qb5 Qxb5 23. Rxb5 g5 24. Rb1 Bxf3 25. Bxf3 g4 26. Bg2 h5 27. a4 Kc7 28. Kf1
h4 29. Kf2 Rb8 30. Bc1 Rb7 31. Ba3 Nc8 32. Raa1 a6 33. Bb4 a5 34. Ba3 N6a7 35.
Bc1 Kc6 36. Rb2 Ne7 37. Rba2 Ng6 38. Be3 Ra8 39. h3 hxg3+ 40. Kxg3 gxh3 41.
Bxh3 Rg8 42. Kf2 Rh7 43. Bg2 Rh2 44. Rh1 Rxh1 45. Bxh1 b5 46. axb5+ Kb6 47. Ra1
Nxb5 48. Bd2 Nh4 49. Bc1 Nxc3 50. Bd2 Nb5 51. Bxa5+ Kc6 52. Ra4 Kd7 53. Bd2
Nxd4 54. Ra7+ Kc6 55. c3 Nb5 56. Ra6+ Kd7 57. Rb6 Nc7 58. Be3 Rg4 59. Rd6+ Kc8
60. Rc6 Ng6 61. Bf3 Rh4 62. Kg3 Rh7 63. Bxd5 Rg7 64. Bxe6+ Kb7 65. Rb6+ Ka8 66.
Kf3 Nh4+ 67. Ke2 Rg2+ 68. Bf2 Ng6 69. Bxf5 Nxf4+ 70. Kf1 Ncd5 71. Rd6 Nxc3 72.
e6 Kb7 73. e7 Nb5 74. Rd7+ Nc7 75. e8=Q Rh2 76. Rxc7+ Kxc7 77. Qe5+ Kb7 78.
Be4+ Ka6 79. Qd6+ Kb5 80. Qc6+ Kb4 81. Be1+ Ka3 82. Qc5+ Kb2 83. Qb4+ Ka2 84.
Bb1+ 1-0

[Event "Mundial Juvenil femenino 2005 s16"]
[Site "Belfort FRA"]
[Date "2005.07.20"]
[Round "2.8"]
[White "Kozjukova, Olga"]
[Black "Mikadze, Miranda"]
[Result "0-1"]
[WhiteElo "1986"]
[BlackElo "2210"]
[PlyCount "64"]
[EventDate "2005.07.19"]
[EventType "swiss"]
[EventRounds "11"]
[EventCountry "FRA"]
[Source "lmi"]
[SourceDate "2005.07.31"]

1. e4 d5 2. exd5 Qxd5 3. Nc3 Qa5 4. d4 c6 5. Nf3 Nf6 6. Be2 Bf5 7. O-O e6 8.
Ne5 Nbd7 9. Bf4 Bb4 10. Nc4 Qd8 11. Bd6 a5 12. Bf3 Nb6 13. Nxb6 Qxb6 14. Na4
Qa7 15. Be5 Be7 16. c4 O-O 17. Bc7 Bd8 18. Bd6 Re8 19. Re1 Rc8 20. g4 Bg6 21.
g5 Nd7 22. h4 b5 23. Nc3 Bc7 24. Bxc7 Qxc7 25. Be4 bxc4 26. Bxg6 hxg6 27. Re3
Nb6 28. h5 Nd5 29. Rg3 Rcd8 30. hxg6 fxg6 31. Qg4 Nf4 32. Ne2 e5 0-1

[Event "Mundial Juvenil femenino 2005 s16"]
[Site "Belfort FRA"]
[Date "2005.07.20"]
[Round "2.9"]
[White "Saheli, Nath"]
[Black "Kaniak, Monika"]
[Result "1-0"]
[WhiteElo "2187"]
[BlackElo "1926"]
[PlyCount "83"]
[EventDate "2005.07.19"]
[EventType "swiss"]
[EventRounds "11"]
[EventCountry "FRA"]
[Source "lmi"]
[SourceDate "2005.07.31"]

1. e4 e6 2. d3 d5 3. Nd2 Nf6 4. Ngf3 Bc5 5. e5 Nfd7 6. d4 Be7 7. Bd3 c5 8. c3
Nc6 9. O-O Qb6 10. dxc5 Nxc5 11. Bc2 Qc7 12. Re1 b6 13. Nf1 Ba6 14. Bf4 Nd7 15.
Ng3 O-O-O 16. Qd2 h6 17. h4 Rdg8 18. b4 Qd8 19. h5 g5 20. hxg6 fxg6 21. Nd4
Nxd4 22. cxd4 Bc4 23. a4 a6 24. Bd3 Bxd3 25. Qxd3 Kb7 26. b5 a5 27. Rec1 Nb8
28. Rc2 g5 29. Bd2 Qd7 30. Rac1 h5 31. Ne4 g4 32. Nf6 Bxf6 33. exf6 Qd6 34. g3
e5 35. dxe5 Qxe5 36. Re1 Re8 37. Rxe5 Rxe5 38. Qc3 Re6 39. f7 Rf8 40. Be3 Rxf7
41. Qc8+ Ka8 42. Qxe6 1-0

[Event "Mundial Juvenil femenino 2005 s16"]
[Site "Belfort FRA"]
[Date "2005.07.20"]
[Round "2.10"]
[White "Miller, Naomi"]
[Black "Leks, Hanna"]
[Result "1/2-1/2"]
[WhiteElo "1943"]
[BlackElo "2173"]
[PlyCount "66"]
[EventDate "2005.07.19"]
[EventType "swiss"]
[EventRounds "11"]
[EventCountry "FRA"]
[Source "lmi"]
[SourceDate "2005.07.31"]

1. e4 c5 2. c3 Nf6 3. e5 Nd5 4. d4 cxd4 5. Nf3 Nc6 6. cxd4 d6 7. Bc4 Nb6 8. Bb5
dxe5 9. Nxe5 Bd7 10. Bxc6 Bxc6 11. Nxc6 bxc6 12. O-O g6 13. Re1 Bg7 14. Bg5 O-O
15. Bxe7 Qxd4 16. Qxd4 Bxd4 17. Nd2 Rfe8 18. Ba3 Na4 19. Nc4 Rab8 20. Rad1 c5
21. Kf1 Kg7 22. Rxe8 Rxe8 23. Re1 Rxe1+ 24. Kxe1 Kf6 25. Kd2 Ke6 26. f3 Kd5 27.
Kd3 h5 28. Ne3+ Bxe3 29. Kxe3 g5 30. Kd3 Nb6 31. b3 Nd7 32. Bb2 f5 33. g3 Nf8
1/2-1/2

[Event "Mundial Juvenil femenino 2005 s16"]
[Site "Belfort FRA"]
[Date "2005.07.20"]
[Round "2.11"]
[White "Robles Garcia, Claudia"]
[Black "Ondrova, Michaela"]
[Result "0-1"]
[WhiteElo "2144"]
[BlackElo "1920"]
[PlyCount "32"]
[EventDate "2005.07.19"]
[EventType "swiss"]
[EventRounds "11"]
[EventCountry "FRA"]
[Source "lmi"]
[SourceDate "2005.07.31"]

1. e4 e5 2. Nc3 Nf6 3. f4 d5 4. exd5 exf4 5. Nf3 Nxd5 6. Nxd5 Qxd5 7. d4 Bg4 8.
Be2 Nc6 9. Bxf4 O-O-O 10. c3 Qe4 11. Qd2 Rxd4 12. Nxd4 Nxd4 13. O-O Nxe2+ 14.
Kh1 Bh3 15. Rf2 Bxg2+ 16. Rxg2 Nxf4 0-1

[Event "Mundial Juvenil femenino 2005 s16"]
[Site "Belfort FRA"]
[Date "2005.07.20"]
[Round "2.12"]
[White "Le Bail, Clara"]
[Black "Benmesbah, Natacha"]
[Result "0-1"]
[WhiteElo "1924"]
[BlackElo "2127"]
[PlyCount "64"]
[EventDate "2005.07.19"]
[EventType "swiss"]
[EventRounds "11"]
[EventCountry "FRA"]
[Source "lmi"]
[SourceDate "2005.07.31"]

1. e4 c5 2. Nf3 d6 3. d4 cxd4 4. Nxd4 Nf6 5. Nc3 g6 6. Be3 Bg7 7. f3 O-O 8. Bc4
Nc6 9. Qd2 Bd7 10. h4 h5 11. O-O-O Rc8 12. Bb3 Ne5 13. Kb1 Nc4 14. Bxc4 Rxc4
15. Nde2 b5 16. Bh6 Qc7 17. Bxg7 Kxg7 18. g4 Bc6 19. Ng3 Rh8 20. Qg5 Rc5 21.
Nf5+ Kf8 22. b4 Rxc3 23. Nxd6 Rxf3 24. Nxb5 Bxb5 25. Qxb5 Nxe4 26. Qd7 Qxd7 27.
Rxd7 hxg4 28. Re1 f5 29. Rxa7 g3 30. Kb2 g2 31. Rg1 Nd2 32. Rxg2 Nc4+ 0-1

[Event "Mundial Juvenil femenino 2005 s16"]
[Site "Belfort FRA"]
[Date "2005.07.20"]
[Round "2.13"]
[White "Batzaya, Yanjav"]
[Black "Khudaya, Aliaksandra"]
[Result "1-0"]
[WhiteElo "1908"]
[BlackElo "2117"]
[PlyCount "51"]
[EventDate "2005.07.19"]
[EventType "swiss"]
[EventRounds "11"]
[EventCountry "FRA"]
[Source "lmi"]
[SourceDate "2005.07.31"]

1. e4 e6 2. d4 d5 3. Nd2 c5 4. Ngf3 a6 5. c3 Nc6 6. e5 cxd4 7. cxd4 Bb4 8. a3
Be7 9. Bd3 Nh6 10. Nb3 Nf5 11. O-O h5 12. h3 h4 13. Bd2 g5 14. Bxf5 exf5 15.
Nh2 Rg8 16. g4 fxg4 17. Nxg4 Rg6 18. Kh2 Bf5 19. f4 gxf4 20. Rxf4 Be6 21. Rc1
Bg5 22. Rf2 Bxd2 23. Rxd2 Bxg4 24. hxg4 Qg5 25. Rf2 Ke7 26. Qf3 1-0

[Event "Mundial Juvenil femenino 2005 s16"]
[Site "Belfort FRA"]
[Date "2005.07.20"]
[Round "2.14"]
[White "Hamrakulova, Yulduz"]
[Black "Ignacz, Rozsa"]
[Result "1-0"]
[WhiteElo "2114"]
[BlackElo "1903"]
[PlyCount "117"]
[EventDate "2005.07.19"]
[EventType "swiss"]
[EventRounds "11"]
[EventCountry "FRA"]
[Source "lmi"]
[SourceDate "2005.07.31"]

1. d4 d5 2. Nf3 Nf6 3. e3 Bg4 4. c4 c6 5. Nc3 e6 6. Bd3 Bd6 7. h3 Bh5 8. Qe2
Nbd7 9. cxd5 Nxd5 10. e4 Nf4 11. Bxf4 Bxf4 12. g3 Bc7 13. O-O-O Qf6 14. g4 Bg6
15. Kb1 O-O-O 16. Bc2 Rhe8 17. Ne1 Bb6 18. e5 Bxc2+ 19. Nxc2 Qe7 20. Ne4 Bc7
21. f4 Kb8 22. Ne3 Nb6 23. Rhf1 Qb4 24. Qd2 Qb5 25. Qd3 Qb4 26. Qc3 Qb5 27. Qc2
h6 28. Nc5 Nd5 29. Nc4 Nb6 30. Ne3 Nd5 31. Nc4 Nb6 32. b3 Nxc4 33. Qxc4 Qa5 34.
b4 Qb6 35. Rf3 Qb5 36. Qxb5 cxb5 37. Rfd3 Rd5 38. Ne4 a6 39. Nc3 Rd7 40. d5
exd5 41. Nxd5 g5 42. fxg5 hxg5 43. Nxc7 Rxd3 44. Nxa6+ bxa6 45. Rxd3 Rxe5 46.
Rf3 Re1+ 47. Kc2 Re2+ 48. Kb3 Rh2 49. a3 Rh1 50. Kc3 Ra1 51. Kd4 Kc8 52. Ke5
Kd8 53. Kf6 Ke8 54. Kxg5 Ke7 55. Kf5 Rd1 56. h4 Rd5+ 57. Ke4 Rd1 58. h5 Rh1 59.
Kf5 1-0

[Event "Mundial Juvenil femenino 2005 s16"]
[Site "Belfort FRA"]
[Date "2005.07.20"]
[Round "2.15"]
[White "Bold, Sarantungalag"]
[Black "Pelletier, Katherine"]
[Result "0-1"]
[WhiteElo "1599"]
[BlackElo "2096"]
[PlyCount "108"]
[EventDate "2005.07.19"]
[EventType "swiss"]
[EventRounds "11"]
[EventCountry "FRA"]
[Source "lmi"]
[SourceDate "2005.07.31"]

1. e4 e5 2. Nf3 Nc6 3. Bc4 Bc5 4. O-O Nf6 5. d3 d6 6. c3 O-O 7. d4 exd4 8. cxd4
Bb6 9. Nc3 Bg4 10. d5 Nd4 11. Be2 Nxe2+ 12. Qxe2 Re8 13. Bg5 h6 14. Bh4 g5 15.
Bg3 Bd4 16. Qd3 Bxc3 17. bxc3 Nxe4 18. Nd4 Qd7 19. f4 c5 20. dxc6 bxc6 21. fxg5
hxg5 22. Be1 d5 23. h3 Bh5 24. Nf5 Bg6 25. Nh6+ Kh7 26. Ng4 Qe6 27. Qe3 f5 28.
Nh2 Qd6 29. Rb1 Re7 30. Nf3 f4 31. Qc1 Qf6 32. Rb2 Nc5 33. Qd1 Nd3 34. Re2 Rxe2
35. Qxe2 Re8 36. Qd2 Nxe1 37. Nxe1 Bh5 38. Nc2 Re2 39. Qd3+ Qg6 40. Qxg6+ Bxg6
41. Nb4 a5 42. Nxc6 Rxa2 43. Nd4 Bd3 44. Re1 Be4 45. Nf3 Kg6 46. Rd1 a4 47. Nd2
Bc2 48. Re1 Bf5 49. Nf3 Be4 50. Rd1 a3 51. Nd2 Rb2 52. Nxe4 dxe4 53. Ra1 a2 54.
Kh2 f3 0-1

[Event "Mundial Juvenil femenino 2005 s16"]
[Site "Belfort FRA"]
[Date "2005.07.20"]
[Round "2.16"]
[White "Gavrilova, Anastasia"]
[Black "De Waal, Ingrid"]
[Result "1-0"]
[WhiteElo "2082"]
[BlackElo "1599"]
[PlyCount "67"]
[EventDate "2005.07.19"]
[EventType "swiss"]
[EventRounds "11"]
[EventCountry "FRA"]
[Source "lmi"]
[SourceDate "2005.07.31"]

1. c4 Nf6 2. Nc3 g6 3. g3 Bg7 4. Bg2 O-O 5. d4 d6 6. e3 Na6 7. Nge2 Rb8 8. O-O
Bd7 9. f4 c5 10. b3 Nc7 11. Ba3 b6 12. Rc1 Bf5 13. e4 Bg4 14. h3 cxd4 15. hxg4
dxc3 16. Nxc3 Nd7 17. Ne2 Nc5 18. Nd4 Qd7 19. e5 N7e6 20. Nxe6 fxe6 21. b4 Na6
22. c5 d5 23. c6 Qe8 24. Qa4 Qc8 25. b5 Nc7 26. Bxe7 Rf7 27. Bd6 Ra8 28. Qb3
Bf8 29. f5 gxf5 30. gxf5 exf5 31. Bxd5 Nxd5 32. Qxd5 Qd8 33. e6 Re7 34. c7 1-0

[Event "Mundial Juvenil femenino 2005 s16"]
[Site "Belfort FRA"]
[Date "2005.07.20"]
[Round "2.17"]
[White "Merkulova, Iryna"]
[Black "Van Nies, Pauline"]
[Result "1/2-1/2"]
[WhiteElo "1599"]
[BlackElo "2074"]
[PlyCount "71"]
[EventDate "2005.07.19"]
[EventType "swiss"]
[EventRounds "11"]
[EventCountry "FRA"]
[Source "lmi"]
[SourceDate "2005.07.31"]

1. e4 c5 2. c3 d5 3. exd5 Qxd5 4. d4 Nf6 5. Nf3 e6 6. Be2 Be7 7. O-O O-O 8. Be3
cxd4 9. cxd4 Nc6 10. Nc3 Qd8 11. a3 a6 12. Rc1 b6 13. Ne5 Bb7 14. Bf3 Rc8 15.
Qe2 a5 16. Rfd1 Bd6 17. Bg5 Be7 18. Be3 Bd6 19. g4 Be7 20. Bg2 Ba8 21. f4 Na7
22. Bxa8 Rxa8 23. Qf3 Nd5 24. Nxd5 exd5 25. f5 Rc8 26. Rxc8 Nxc8 27. Rc1 Bg5
28. Rc3 Bxe3+ 29. Rxe3 Qg5 30. Kf2 Qh4+ 31. Kg2 Qg5 32. Re2 Nd6 33. Nd7 Rd8 34.
Nxb6 Nb5 35. Rf2 Nxd4 36. Qf4 1/2-1/2

[Event "Mundial Juvenil femenino 2005 s16"]
[Site "Belfort FRA"]
[Date "2005.07.20"]
[Round "2.18"]
[White "Darbinian, Nune"]
[Black "Koroid, Janna"]
[Result "1-0"]
[WhiteElo "2072"]
[BlackElo "1599"]
[PlyCount "97"]
[EventDate "2005.07.19"]
[EventType "swiss"]
[EventRounds "11"]
[EventCountry "FRA"]
[Source "lmi"]
[SourceDate "2005.07.31"]

1. Nf3 d5 2. d4 c6 3. c4 Nf6 4. Qc2 g6 5. Bf4 Bf5 6. Qb3 Qb6 7. c5 Qxb3 8. axb3
Bxb1 9. Rxb1 Bg7 10. h3 Nbd7 11. e3 O-O 12. Ra1 Rfe8 13. b4 a6 14. Be2 Ne4 15.
O-O f6 16. Bh2 e5 17. Rfd1 exd4 18. Nxd4 f5 19. Ra2 Nf8 20. Nb3 Ne6 21. h4 h6
22. Na5 Re7 23. f3 Nf6 24. Bd6 Rd7 25. Be5 Nh5 26. Bxg7 Rxg7 27. Bd3 Re8 28.
Ra3 Kh8 29. Bb1 Rge7 30. Kf2 Kg7 31. g3 Nf6 32. Rc3 d4 33. exd4 Nxd4 34. Bd3
Nd5 35. Rcc1 Nxb4 36. Bf1 Nbc2 37. Rd2 Re3 38. Rdxc2 Rxf3+ 39. Kg2 Nxc2 40.
Kxf3 Nd4+ 41. Kf2 Re7 42. Re1 Rf7 43. Bc4 Rf8 44. Re7+ Kh8 45. Rd7 Nc2 46. Nxb7
f4 47. Rd8 fxg3+ 48. Kxg3 Rxd8 49. Nxd8 1-0

[Event "Mundial Juvenil femenino 2005 s16"]
[Site "Belfort FRA"]
[Date "2005.07.20"]
[Round "2.20"]
[White "Rakic, Marija"]
[Black "Petkeviciute, Justina"]
[Result "1-0"]
[WhiteElo "2057"]
[BlackElo "1599"]
[PlyCount "85"]
[EventDate "2005.07.19"]
[EventType "swiss"]
[EventRounds "11"]
[EventCountry "FRA"]
[Source "lmi"]
[SourceDate "2005.07.31"]

1. d4 d5 2. c4 e6 3. Nc3 Nf6 4. Bg5 Nbd7 5. e3 c6 6. cxd5 exd5 7. Qc2 Bd6 8.
Bd3 O-O 9. Bxh7+ Kh8 10. Bd3 Re8 11. Nge2 Qc7 12. O-O-O Ng4 13. Rdf1 Kg8 14.
Bh7+ Kh8 15. Bf5 Ndf6 16. h3 Nh6 17. Bxc8 Qxc8 18. Bxf6 gxf6 19. g4 Rg8 20. f4
Qe6 21. Rf3 Rae8 22. Kb1 b5 23. Ng3 a5 24. Nh5 Be7 25. f5 Qd6 26. Qf2 a4 27.
Qh4 Kh7 28. Rc1 Ra8 29. Nf4 b4 30. Nce2 Rgc8 31. Nd3 Qc7 32. Nef4 Qd8 33. Nc5
Qe8 34. Nfd3 Rcb8 35. Qg3 Rb5 36. h4 Qg8 37. Rg1 Qc8 38. Qh3 Bxc5 39. Nxc5 Kg7
40. g5 fxg5 41. hxg5 Ng8 42. g6 fxg6 43. Rxg6+ 1-0

[Event "Mundial Juvenil femenino 2005 s16"]
[Site "Belfort FRA"]
[Date "2005.07.21"]
[Round "3.1"]
[White "Pelletier, Katherine"]
[Black "Harika, Dronavalli"]
[Result "1/2-1/2"]
[WhiteElo "2096"]
[BlackElo "2396"]
[PlyCount "136"]
[EventDate "2005.07.19"]
[EventType "swiss"]
[EventRounds "11"]
[EventCountry "FRA"]
[Source "lmi"]
[SourceDate "2005.07.31"]

1. e4 c5 2. Nf3 Nc6 3. d4 cxd4 4. Nxd4 e5 5. Nb5 d6 6. c4 Be7 7. N1c3 a6 8. Na3
f5 9. exf5 Bxf5 10. Bd3 Be6 11. O-O Nf6 12. Nc2 O-O 13. Qe2 Qe8 14. f4 Rd8 15.
Be3 Rd7 16. f5 Bf7 17. h3 d5 18. cxd5 Nxd5 19. Ne4 Nxe3 20. Qxe3 Qd8 21. Rf3
Kh8 22. b3 Bg8 23. Raf1 Nd4 24. Nxd4 exd4 25. Qe2 Qb6 26. Rf4 Bf6 27. Ng3 Bd5
28. Nh5 Re7 29. Qg4 Re3 30. Rd1 Rg8 31. Rf2 Rge8 32. Nf4 Bf7 33. Re2 Rxe2 34.
Nxe2 Be5 35. Rc1 Qh6 36. Qf3 Rd8 37. Rc2 Qe3+ 38. Kh1 h6 39. Nc1 Bd5 40. Qxe3
dxe3 41. Kg1 Bc6 42. Kf1 Bd6 43. Bxa6 Ba3 44. Be2 Be4 45. Rc3 Bxf5 46. Nd3 Bd6
47. Bf3 Bg3 48. Ke2 b6 49. a4 Re8 50. b4 Re7 51. a5 bxa5 52. bxa5 Ra7 53. Ra3
Bd6 54. Ra1 Rd7 55. Bg4 Bxd3+ 56. Kxd3 Re7 57. a6 Bc5 58. Rc1 Ba7 59. Bf5 Kg8
60. Rc6 e2 61. Be6+ Kh7 62. Kxe2 Kg6 63. Kf3 Kf6 64. Bc8+ Ke5 65. Rc2 Kd6 66.
Bb7 Rc7 67. Rxc7 Kxc7 68. Ke4 Kb8 1/2-1/2

[Event "Mundial Juvenil femenino 2005 s16"]
[Site "Belfort FRA"]
[Date "2005.07.21"]
[Round "3.5"]
[White "Rakic, Marija"]
[Black "Corke, Anya"]
[Result "0-1"]
[WhiteElo "2057"]
[BlackElo "2223"]
[PlyCount "50"]
[EventDate "2005.07.19"]
[EventType "swiss"]
[EventRounds "11"]
[EventCountry "FRA"]
[Source "lmi"]
[SourceDate "2005.07.31"]

1. d4 Nf6 2. c4 g6 3. Nc3 d6 4. e4 Bg7 5. Nf3 O-O 6. Be2 e5 7. O-O Nc6 8. d5
Ne7 9. Ne1 Nd7 10. g4 f5 11. g5 Nc5 12. Bf3 a5 13. Rb1 fxe4 14. Nxe4 Rxf3 15.
Nxc5 Rf8 16. Ne4 Bh3 17. Ng2 Qd7 18. f3 Nf5 19. Qe1 Nd4 20. Qd1 Rxf3 21. Rxf3
Qg4 22. Rf8+ Rxf8 23. Qxg4 Bxg4 24. Be3 Nf3+ 25. Kh1 Bf5 0-1

[Event "Mundial Juvenil femenino 2005 s16"]
[Site "Belfort FRA"]
[Date "2005.07.21"]
[Round "3.6"]
[White "Mikadze, Miranda"]
[Black "Amed, Stephanie"]
[Result "1-0"]
[WhiteElo "2210"]
[BlackElo "2001"]
[PlyCount "63"]
[EventDate "2005.07.19"]
[EventType "swiss"]
[EventRounds "11"]
[EventCountry "FRA"]
[Source "lmi"]
[SourceDate "2005.07.31"]

1. e4 c5 2. Nf3 Nc6 3. c3 d5 4. exd5 Qxd5 5. d4 cxd4 6. cxd4 e5 7. Nc3 Bb4 8.
Bd2 Bxc3 9. Bxc3 e4 10. Ne5 Nxe5 11. dxe5 Ne7 12. Qa4+ Bd7 13. Qa3 Qe6 14. Rd1
O-O 15. Be2 Bc6 16. O-O Ng6 17. f4 exf3 18. Bxf3 Nh4 19. Bxc6 Qxc6 20. Rf2 Rad8
21. Rdf1 b6 22. Qxa7 Ra8 23. Qe7 Ng6 24. Qd6 Qb7 25. a3 Rad8 26. Qb4 Rd5 27.
Qe4 Qd7 28. Rf5 Ne7 29. e6 Qb7 30. Rxf7 Rxf7 31. exf7+ Kf8 32. Bxg7+ 1-0

[Event "Mundial Juvenil femenino 2005 s16"]
[Site "Belfort FRA"]
[Date "2005.07.21"]
[Round "3.7"]
[White "Congiu, Mathilde"]
[Black "Saheli, Nath"]
[Result "0-1"]
[WhiteElo "2046"]
[BlackElo "2187"]
[PlyCount "116"]
[EventDate "2005.07.19"]
[EventType "swiss"]
[EventRounds "11"]
[EventCountry "FRA"]
[Source "lmi"]
[SourceDate "2005.07.31"]

1. e4 d6 2. d4 g6 3. Nc3 c6 4. Be3 Bg7 5. h3 b5 6. Nf3 a6 7. Bd3 Nd7 8. a4 Bb7
9. O-O b4 10. Ne2 Ngf6 11. Ng3 O-O 12. c3 bxc3 13. bxc3 e5 14. dxe5 dxe5 15.
Rb1 Qc7 16. Qb3 Bc8 17. Bb6 Qd6 18. Rfd1 Qe7 19. Bc4 a5 20. Qa2 Ba6 21. Nd2
Bxc4 22. Nxc4 Nxb6 23. Nxb6 Rad8 24. Qc4 Rd6 25. Qa6 Rxd1+ 26. Rxd1 h5 27. Qc4
Qb7 28. Qc5 h4 29. Nf1 Nxe4 30. Qxa5 Nxc3 31. Rd7 Ne2+ 32. Kh1 Qb8 33. Qa6 Nd4
34. a5 e4 35. Qc4 Ne6 36. Qxc6 Qf4 37. Kg1 Bd4 38. Qc2 Rb8 39. Nd5 Qe5 40. Ne7+
Kg7 41. Nc6 Rc8 42. Rxf7+ Kh8 43. Nxe5 Rxc2 44. Nxg6+ Kg8 45. Rf5 Nc5 46. Ne7+
Kg7 47. Nc6 Bf6 48. Nb4 Rc4 49. Nd5 Bd4 50. Nde3 Ra4 51. Rf4 Bf6 52. Nf5+ Kf7
53. Nd6+ Ke7 54. Nc8+ Ke6 55. Nd2 Bg5 56. Nxe4 Nxe4 57. Rg4 Ra1+ 58. Kh2 Nxf2
0-1

[Event "Mundial Juvenil femenino 2005 s16"]
[Site "Belfort FRA"]
[Date "2005.07.21"]
[Round "3.8"]
[White "Benmesbah, Natacha"]
[Black "Batzaya, Yanjav"]
[Result "1/2-1/2"]
[WhiteElo "2127"]
[BlackElo "1908"]
[PlyCount "71"]
[EventDate "2005.07.19"]
[EventType "swiss"]
[EventRounds "11"]
[EventCountry "FRA"]
[Source "lmi"]
[SourceDate "2005.07.31"]

1. e4 e6 2. d4 d5 3. Nc3 Nf6 4. Bd3 c5 5. exd5 exd5 6. Nf3 Nc6 7. O-O Bg4 8.
dxc5 Bxc5 9. Bg5 Be7 10. Be2 Be6 11. Nb5 O-O 12. c3 Ne4 13. Bxe7 Qxe7 14. Nbd4
Rad8 15. Qc2 Ng5 16. Rad1 Qf6 17. Rfe1 Rfe8 18. Nxg5 Qxg5 19. Bf3 Bg4 20. Bxg4
Qxg4 21. Rxe8+ Rxe8 22. Nf3 Ne5 23. Nd4 Nc6 24. h3 Qf4 25. Nf3 Ne5 26. Nxe5
Rxe5 27. Qd2 Qxd2 28. Rxd2 Kf8 29. f4 Re1+ 30. Kf2 Rb1 31. Re2 Rd1 32. Ke3 Ke7
33. Rd2 Re1+ 34. Kf3 Rf1+ 35. Ke3 Re1+ 36. Re2 1/2-1/2